Bibliometrics and research evaluation (Registro nro. 35503)
[ vista simple ]
| 000 -CABECERA | |
|---|---|
| Longitud fija campo de control | 00972cam a2200241 i 4500 |
| 003 - IDENTIFICADOR DELl NÚMERO DE CONTROL | |
| Identificador del número de control | OSt |
| 005 - FECHA Y HORA DE LA ÚLTIMA TRANSACCIÓN | |
| Fecha y hora de la última transacción | 20241219062538.0 |
| 008 - CÓDIGOS DE INFORMACIÓN DE LONGITUD FIJA | |
| Códigos de información de longitud fija | 160617s2016 mau b 001 0 eng |
| 020 ## - NÚMERO INTERNACIONAL NORMALIZADO PARA LIBROS | |
| Número Internacional Normalizado para Libros (ISBN) | 978-026203-5125 |
| 040 ## - FUENTE DE LA CATALOGACIÓN | |
| Centro catalogador de origen | DLC |
| Lengua de catalogación | eng |
| Centro transcriptor | BMC |
| Normas de descripción | rda |
| Centro modificado | DLC |
| 082 00 - NÚMERO DE LA CLASIFICACIÓN DECIMAL DEWEY | |
| Númeroo de clasificación | 025.3 |
| 082 00 - NÚMERO DE LA CLASIFICACIÓN DECIMAL DEWEY | |
| Númeroo de clasificación | 001.422 |
| 100 1# - PUNTO DE ACCESO PRINCIPAL-NOMBRE DE PERSONA | |
| Nombre de persona | Gingras, Yves |
| 9 (RLIN) | 49060 |
| 245 10 - MENCIÓN DE TÍTULO | |
| Título | Bibliometrics and research evaluation |
| Resto del título | : uses and abuses |
| Mención de responsabilidad, etc. | Yves Gingras |
| 260 ## - PUBLICACIÓN, DISTRIBUCIÓN, ETC. (PIE DE IMPRENTA) | |
| Lugar de publicación, distribución, etc. | Cambridge |
| Nombre del editor, distribuidor, etc. | The MIT Press |
| Fecha de publicación, distribución, etc. | 2016 |
| 300 ## - DESCRIPCIÓN FÍSICA | |
| Extensión | xii, 119 p. |
| Dimensiones | 24 cm. |
| 504 ## - NOTA DE BIBLIOGRAFÍA, ETC | |
| Nota de bibliografía, etc. | Includes bibliographical references and index. |
| 505 0# - NOTA DE CONTENIDO CON FORMATO | |
| Nota de contenido con formato | The origins of bibliometrics -- What bibliometrics teach us about the dynamics of science -- The proliferation of research evaluations -- The evaluation of research evaluation -- Conclusion: the universities' new clothes. |
| 546 ## - NOTA DE LENGUA | |
| Nota de lengua | Dérives de l'évaluation de la recherche. |l English |
| 650 20 - PUNTO DE ACCESO ADICIONAL DE MATERIA - TÉRMINO DE MATERIA | |
| Término de materia o nombre geográfico como elemento inicial | Bibliometría |
| 9 (RLIN) | 49061 |
| 650 20 - PUNTO DE ACCESO ADICIONAL DE MATERIA - TÉRMINO DE MATERIA | |
| Término de materia o nombre geográfico como elemento inicial | Investigación |
| Subdivisión de materia general | Métodos estadísticos |
| 9 (RLIN) | 3324 |
| 942 ## - ENTRADA DE ELEMENTOS AGREGADOS (KOHA) | |
| Fuente de clasificaión o esquema | Dewey Decimal Classification |
| Koha [por defecto] tipo de item | 1- Monografias |
| Suprimido | Perdido | Fuente de clasificación o esquema | Estropeado | Restricciones de uso | No para préstamo | Código de colección | Localización permanente | Localización actual | Localización en estanter&íacute;as | Fecha adquisición | Fuente de adquisición | Número de inventario | Préstamos totales | Signatura completa | Código de barras | Fecha última consulta | Coste, precio reemplazado | Fecha del precio de reemplazo | Tipo de item de Koha |
|---|---|---|---|---|---|---|---|---|---|---|---|---|---|---|---|---|---|---|---|
| NULL | NULL | Dewey Decimal Classification | NULL | Prestable | NULL | NULL | Biblioteca Miguel de Cervantes - UNICAES | Biblioteca Miguel de Cervantes - UNICAES | Sala Principal | 05/12/2024 | Compra-Escuela de Posgrados | 036071 | 025.3 GIN bib | 1052615 | 17/12/2024 | 58.00 | 17/12/2024 | 1- Monografias | |
| NULL | NULL | Dewey Decimal Classification | NULL | Prestable | NULL | NULL | Biblioteca Miguel de Cervantes - UNICAES | Biblioteca Miguel de Cervantes - UNICAES | Sala Principal | 05/12/2024 | Compra-Escuela de Posgrados | 036072 | 025.3 GIN bib | 1052616 | 17/12/2024 | 58.00 | 17/12/2024 | 1- Monografias | |
| NULL | NULL | Dewey Decimal Classification | NULL | Prestable | NULL | NULL | Biblioteca Miguel de Cervantes - UNICAES | Biblioteca Miguel de Cervantes - UNICAES | Sala Principal | 05/12/2024 | Compra-Escuela de Posgrados | 036073 | 025.3 GIN bib | 1052617 | 17/12/2024 | 58.00 | 17/12/2024 | 1- Monografias | |
| NULL | NULL | Dewey Decimal Classification | NULL | Prestable | NULL | NULL | Biblioteca Miguel de Cervantes - UNICAES | Biblioteca Miguel de Cervantes - UNICAES | 13/11/2025 | Compra-Escuela de Posgrados | 036618 | 025.3 GIN bib | 1053991 | 06/02/2026 | 48.00 | 06/02/2026 | 1- Monografias | ||
| NULL | NULL | Dewey Decimal Classification | NULL | Prestable | NULL | NULL | Biblioteca Miguel de Cervantes - UNICAES | Biblioteca Miguel de Cervantes - UNICAES | Sala Principal | 13/11/2025 | Compra-Escuela de Posgrados | 036619 | 025.3 GIN bib | 1053992 | 06/02/2026 | 48.00 | 06/02/2026 | 1- Monografias | |
| NULL | NULL | Dewey Decimal Classification | NULL | Prestable | NULL | NULL | Biblioteca Miguel de Cervantes - UNICAES | Biblioteca Miguel de Cervantes - UNICAES | Sala Principal | 13/11/2025 | Compra-Escuela de Posgrados | 036620 | 025.3 GIN bib | 1053993 | 06/02/2026 | 48.00 | 06/02/2026 | 1- Monografias |